000 01146nam0a2200337 4500
001 RU\NLR\bibl\1740310
005 20250616112458.0
010 _a978-5-17-026356-1
_bАСТ
021 _aRU
_b2011-5303
_9363
035 _a(nilc)RSL-KNO-004885907
035 _a(LIBNET)IZD\AST\2007\794000
035 _a(NLR Aleph) 001731227
090 _a1400838
_c1400838
100 _a20080320d2011 |||y0rusy50 ca
101 1 _arus
_ceng
102 _aRU
105 _ay |||||||||
200 1 _aКолыбельная
_e[роман]
_fЧак Паланик
_g[пер. с англ. Т.Ю. Покидаевой]
210 _aМосква
_cАСТ
_cастрель
_aВладимир
_cВКТ
_d2011
215 _a285, [1] с.
_d21
686 _aШ5(7США)62-644.5
_2rubbk
700 1 _4070
_7ca
_8rus
_aПаланик
_bЧ.
_f1962-
_gЧак
_9217774
_3RU\NLR\AUTH\770217830
801 0 _aRU
_bЛИБНЕТ
_c20080320
_gRCR
801 1 _aRU
_bЛИБНЕТ
_c20080320
801 2 _aRU
_bЦУНБ Москва
_c20110224
_gRCR
801 1 _aRU
_bRuMoRGB
_c20080320
801 2 _aRU
_bNLR
_c20110225
_grcr
942 _cBOOK
980 _aNB
980 _aNBR